Bramkarze Realu Madryt w XXI wieku - Statystyki

Ogólne statystyki
  • Ten quiz został rozwiązany 1 137 razy
    150 od ostatniego zresetowania
  • Średni wynik to 9 z 17
Statystyki odpowiedzi
Lata gry Narodowość Nazwisko % Poprawnych
1999-2015 Hiszpania Iker Casillas
95%
2014-2019 Kostaryka Keylor Navas
95%
2018- Belgia Thibaut Courtois
95%
2018- Ukraina Andriy Lunin
93%
2007-2011 Polska Jerzy Dudek
93%
2015-2019 Hiszpania Kiko Casilla
91%
2003-2007 2013-2014 Hiszpania Diego López
64%
2023-2024 Hiszpania Kepa Arrizabalaga
54%
2017-2019 Francja Luca Zidane
52%
2019-2020 Francja Alphonse Areola
49%
2009-2013 Hiszpania Antonio Adán
20%
2000-2005 Hiszpania César Sánchez
20%
2023- Hiszpania Fran González
14%
2001-2004 Hiszpania Carlos Sánchez
9%
2011-2014 Hiszpania Jesús Fernández
9%
2003-2009 Hiszpania Jordi Codina
4%
2011-2012 Hiszpania Tomás Mejías
4%
Nie znaleziono quizów pasujących do podanych kryteriów
Rozkład punktacji
Procent ludzi z każdym wynikiem
Percentyl według liczby udzielonych odpowiedzi
Twoja historia wyników
Nie rozwiązałeś tego quizu od ostatniego zresetowania